000 01859cam a22004694i 4500
003 PE-LiUPU
005 20250731173327.0
008 150625s r 000 0 d
020 _a9972223019
035 _a(Sirsi) i9789972223013
040 _aPE-LiUPU
_bspa
_cPE-LiUPU
_erda
049 _aPRUA
082 0 4 _a226.1
_bA682006
_221
100 1 _aArens, Eduardo,
_eautor.
245 1 4 _aLos evangelios ayer y hoy :
_buna introducción hermenéutica /
_cEduardo Arens.
250 _a3a
264 1 _aLima :
_bPaulinas,
_c2006.
300 _a394 páginas ;
_c21 centímetros
336 _atext
_2rdacontent
337 _aunmediated
_2rdamedia
338 _avolume
_2rdacarrier
504 _aIncluye bibliografía.
505 0 _aLa etapa oral: de Jesús a la predicación misionera. -La etapa escrita: de la predicación de Jesús a los evangelios. -Cuestiones hermenéuticas: de ayer a hoy. -Dos ejemplos de exégesis : Un relato y una sentencia. -Evangelio según Marcos. -Evangelio según Mateo. -Evangelio según Lucas. -Evangelio según Juan. .
526 _aSEG42
526 _aSEG41
526 _aSEG40
526 _aSEG39
526 _aP94
526 _aP87
526 _aP86
526 _aP85
526 _aP77
526 _aP76
526 _aP35
541 _g001-001317;
630 _aBiblia.
_pN.T.
_pEvangelios
_xCrítica, interpretación, etc.
942 _2ddc
_cBOOK
949 _a226.1 A68 2006
_wDEWEY
_c1
_i58680
_lCCODEBUL1
_mBUL
_r0
_sY
_tBOOK
_u2015-6-25
_xTEOLOGIA
_zUNKNOWN
_0COMPRA
_o.STAFF. Colección General
994 _aC0
_bPEPRU
596 _a1
999 _a226.1 A68 2006
_wDEWEY
_c47560
_i58680
_f2021-11-9
_g5
_lCCODEBUL1
_mBUL
_r0
_sY
_tBOOK
_u2015-6-25
_xTEOLOGIA
_zUNKNOWN
_0COMPRA
_o.STAFF. Colección General
_d47560
980 _81
_gALBERTO SANCHEZ Responsable de Automatización